000
00312nam a2200133Ia 4500
008
231129s1969||||xx |||||||||||||| ||spa||
040
_b
spa
082
_a
Co864.4 V297L
100
_a
Vargas Vila José María
245
0
_a
Libre estética
260
_c
1969
264
_a
Medina Hermanos
942
_2
ddc
_c
BKS
999
_c
19220
_d
19220